00334nam a22001097a 450000500170000002000180001708200170003510000190005224500860007126000480015730000190020520250912131745.0 a9780143472131 a350.1 SHA/DE aShah, Jasmine  aThe Delhi model:ba bold new road to building a developed India/cby Jasmine Shah a. - Haryanab: Penguin random housec, 2024 axxii+334 pages